| 000 | 00710nam a2200241 a 4500 | ||
|---|---|---|---|
| 008 | |||
| 020 | _a0278000479 (pbk.) | ||
| 020 | _z0412962503 (pbk.) | ||
| 049 | _aMAIN | ||
| 090 |
_aTA357 _bMAS |
||
| 100 | 1 |
_aMassey, B. S. _q(Bernard Stanford) |
|
| 245 | 1 | 0 |
_aMechanics of fluids / _cBernard Massey. |
| 250 | _a6th ed. | ||
| 260 |
_aLondon : _bVan Nostrand Reinhold (International) : _bChapman and Hall, _c1989. |
||
| 300 |
_axxvii, 599 p. : _bill. ; _c24 cm. |
||
| 650 | 0 | _aFluid mechanics. | |
| 700 | 1 | _aWard-Smith, John. | |
| 907 |
_a.b10120439 _b22-10-12 _c04-05-04 |
||
| 003 | |||
| 005 | 20230123133709.0 | ||
| 040 | _cNUST | ||
| 942 |
_cBOOKS _kTA357 _mMAS |
||
| 999 |
_c153060 _d153060 |
||